<?xml version="1.0" encoding="UTF-8"?>
<record
    xmlns:xsi="http://www.w3.org/2001/XMLSchema-instance"
    xsi:schemaLocation="http://www.loc.gov/MARC21/slim http://www.loc.gov/standards/marcxml/schema/MARC21slim.xsd"
    xmlns="http://www.loc.gov/MARC21/slim">

  <leader>02082nam a2200229   4500</leader>
  <controlfield tag="001">ESSALUD</controlfield>
  <controlfield tag="005">20260701115846.0</controlfield>
  <controlfield tag="007">ta</controlfield>
  <controlfield tag="008">      t        pe ||||| |||| 00| 0 spa d</controlfield>
  <datafield tag="040" ind1=" " ind2=" ">
    <subfield code="a">BMG</subfield>
  </datafield>
  <datafield tag="041" ind1=" " ind2=" ">
    <subfield code="a">spa</subfield>
  </datafield>
  <datafield tag="100" ind1=" " ind2=" ">
    <subfield code="a">Tribunal Registral</subfield>
    <subfield code="e">Autor</subfield>
    <subfield code="9">53048</subfield>
  </datafield>
  <datafield tag="245" ind1=" " ind2=" ">
    <subfield code="a">Inscripci&#xF3;n de la resoluci&#xF3;n de un contrato: al registrador no le corresponde verificar si la obligaci&#xF3;n ha sido efectivamente incumplida</subfield>
  </datafield>
  <datafield tag="300" ind1=" " ind2=" ">
    <subfield code="a">p&#xE1;ginas 32-45</subfield>
  </datafield>
  <datafield tag="520" ind1=" " ind2=" ">
    <subfield code="a">Resulta procedente la inscripci&#xF3;n de la resoluci&#xF3;n de un contrato siempre que cumpla con los presupuestos establecidos en la norma; es decir, se trate de una obligaci&#xF3;n establecida en forma clara y precisa no ejecutada dentro del plazo estipulado en el contrato, la intimaci&#xF3;n efectuada por la parte fiel a la infiel para que cumpla con la prestaci&#xF3;n y el incumplimiento de la parte infiel en el plazo establecido. As&#xED;, corresponde al registrador verificar la existencia de la obligaci&#xF3;n, as&#xED; como la intimaci&#xF3;n y el transcurso del plazo otorgado, a efectos de lo cual deber&#xE1; presentarse al Registro el original o insertar en la escritura p&#xFA;blica de resoluci&#xF3;n de contrato, la carta notarial cursada por la parte fiel efectuando la intimaci&#xF3;n. Por lo tanto, para que pueda inscribirse la resoluci&#xF3;n del contrato, resulta necesario que exista una obligaci&#xF3;n que se manifiesta ha sido incumplida, siendo necesario para ello verificar la existencia de la obligaci&#xF3;n, as&#xED; como las formalidades de la intimaci&#xF3;n. La verificaci&#xF3;n de si la obligaci&#xF3;n ha sido efectivamente incumplida, es un asunto que no le corresponde verificar al registrador, sino que bastar&#xE1; que el acreedor manifieste que ha ocurrido este incumplimiento para considerarlo registralmente como tal.</subfield>
  </datafield>
  <datafield tag="650" ind1=" " ind2=" ">
    <subfield code="a">ESCRITURAS PUBLICAS</subfield>
    <subfield code="9">53047</subfield>
  </datafield>
  <datafield tag="650" ind1=" " ind2=" ">
    <subfield code="a">CONTRATOS P&#xDA;BLICOS</subfield>
    <subfield code="9">190</subfield>
  </datafield>
  <datafield tag="650" ind1=" " ind2=" ">
    <subfield code="a">CONTRATOS</subfield>
    <subfield code="9">337</subfield>
  </datafield>
  <datafield tag="650" ind1=" " ind2=" ">
    <subfield code="a">DERECHO REGISTRAL</subfield>
    <subfield code="9">170</subfield>
  </datafield>
  <datafield tag="773" ind1="0" ind2=" ">
    <subfield code="0">22573</subfield>
    <subfield code="9">22621</subfield>
    <subfield code="d">Lima Grupo Praxis Formaci&#xF3;n Profesional, 2026-</subfield>
    <subfield code="o">PRA002</subfield>
    <subfield code="t">Praxis Civil &amp; Procesal Civil</subfield>
    <subfield code="w">ESSALUD</subfield>
    <subfield code="x">3119-7671</subfield>
  </datafield>
  <datafield tag="942" ind1=" " ind2=" ">
    <subfield code="c">ARTICULOS</subfield>
    <subfield code="e">2026-07-01</subfield>
    <subfield code="z">sqb</subfield>
  </datafield>
  <datafield tag="999" ind1=" " ind2=" ">
    <subfield code="c">22594</subfield>
    <subfield code="d">22594</subfield>
  </datafield>
</record>
